000 00982nam a22003133u 4500
001 DHIM2026021909090050
003 RU-10907106
005 20260224150540.0
007 tu
008 260219s2017 ru ||| ||| 000 0 rus d
020 _9978-5-91766-135-3
_a9785917661353
040 _aRU-10907106
_bger
_cRU-10907106
041 _arus
100 1 _4edt
_aDzamichov, K. F.
_968527
245 0 _aVeka sovmestnoj istorii
_bNarody Kabardino-Balkarii v rossijskom civilizacionnom processe (1557-1917 gg.)
264 1 _aNal'čik
_bIzdatel'skij otel IGI KBNC RAN
_c2017
336 _2rdacontent
_aText
_btxt
337 _2rdamedia
338 _2rdacarrier
650 _aKabardiner
_968528
650 _aEthnische Gruppe
_92000
651 _aKaukasus
651 _aKaukasus (Nord)
_92579
651 _aKabardino-Balkarien
_913128
651 _aRussland
700 1 _4edt
_aKušova, I. Ch.
_968529
710 2 _4edt
_aInstitut gumanitarnych issledovanij
_968530
942 _2z
_cMG
999 _c73761
_d73761